[Event "Florianopolis op-B 04"]
[Site "Florianopolis"]
[Date "2023.04.28"]
[Round "1"]
[White "Esquinelato, Marcos Vinicius Mol"]
[Black "Gomes, Maria Eduarda Papin"]
[Result "0-1"]
[WhiteElo "1248"]
[BlackElo "1666"]
[PlyCount "50"]
[EventDate "2023.04.28"]
[EventType "swiss"]
[EventRounds "6"]
[EventCountry "BRA"]
[SourceTitle "CBM 214 Extra"]
[Source "ChessBase"]
[SourceDate "2023.07.31"]
[SourceVersion "1"]
[SourceVersionDate "2023.07.31"]
[SourceQuality "1"]

1. d4 Nf6 2. c4 g6 3. Nf3 Bg7 4. g3 d6 5. Bg2 0-0 6. 0-0 Nbd7 7. Nc3 c5 8. Rb1 Rb8 9. Bg5 h6 10. Be3 Ng4 11. Qd2 Nxe3 12. fxe3 a6 13. d5 b5 14. b3 Nf6 15. Nh4 Ng4 16. Ne4 Ne5 17. Nf3 Bf5 18. Nxe5 Bxe5 19. Nf2 Bxb1 20. Rxb1 bxc4 21. e4 Bg7 22. Ng4 Kh7 23. Qf4 cxb3 24. axb3 c4 25. h4 Rxb3 0-1

[Event "Florianopolis Spring op 2nd"]
[Site "Florianopolis"]
[Date "2022.10.23"]
[Round "6"]
[White "Esquinelato, Marcos Vinicius Mol"]
[Black "Da Silva, Joao Carlos Orguim"]
[Result "0-1"]
[WhiteElo "1241"]
[BlackElo "1748"]
[PlyCount "72"]
[EventDate "2022.10.21"]
[EventType "swiss"]
[EventRounds "6"]
[EventCountry "BRA"]
[SourceTitle "EXT 2024"]
[Source "ChessBase"]
[SourceDate "2023.10.10"]
[SourceVersion "1"]
[SourceVersionDate "2023.10.10"]
[SourceQuality "1"]

1. e4 c5 2. Nf3 g6 3. Bc4 Bg7 4. c3 e6 5. d4 cxd4 6. Nxd4 Ne7 7. 0-0 Nbc6 8. Bg5 Nxd4 9. cxd4 Qb6 10. Nc3 Qxd4 11. Qxd4 Bxd4 12. Nb5 Bb6 13. Nd6+ Kf8 14. Bh6+ Kg8 15. Ne8 f5 16. Nf6+ Kf7 17. e5 Ng8 18. Bg5 Nxf6 19. Bxf6 Re8 20. Kh1 Bd8 21. Bxd8 Rxd8 22. f4 d5 23. Rad1 Ke7 24. Be2 Bd7 25. g4 Bc6 26. Rd4 fxg4 27. Bxg4 Rf8 28. h4 Rf7 29. Kh2 Raf8 30. Kg3 h6 31. Rf3 Rg7 32. Kf2 g5 33. hxg5 hxg5 34. f5 exf5 35. Rxf5 Rxf5+ 36. Bxf5 Rf7 0-1

[Event "Florianopolis Spring op 2nd"]
[Site "Florianopolis"]
[Date "2022.10.22"]
[Round "3"]
[White "Vianna, Tulio Lima"]
[Black "Esquinelato, Marcos Vinicius Mol"]
[Result "1-0"]
[WhiteElo "1451"]
[BlackElo "1241"]
[PlyCount "47"]
[EventDate "2022.10.21"]
[EventType "swiss"]
[EventRounds "6"]
[EventCountry "BRA"]
[SourceTitle "EXT 2024"]
[Source "ChessBase"]
[SourceDate "2023.10.10"]
[SourceVersion "1"]
[SourceVersionDate "2023.10.10"]
[SourceQuality "1"]

1. d4 d5 2. c4 Nf6 3. Nc3 e6 4. Bg5 Be7 5. e3 a6 6. cxd5 Nxd5 7. Bxe7 Nxe7 8. Bd3 Nd7 9. Nge2 b5 10. b4 Bb7 11. 0-0 Nb6 12. Ne4 Ned5 13. Nc5 Bc6 14. a3 0-0 15. Rc1 Nc4 16. Bxc4 bxc4 17. Rxc4 Ne7 18. Rc1 Qd5 19. Nf4 Qg5 20. f3 Rfd8 21. Qe1 Nf5 22. Ncxe6 fxe6 23. Rxc6 Nh4 24. Qg3 1-0